S.L. Benfica 2019/2020 Squad - Statistics

General Stats
  • This quiz has been taken 149 times
    137 since last reset
  • The average score is 21 of 30
Answer Stats
No. Answer % Correct
3 Spain (DF) Álex Grimaldo
91%
1 Belgium (GK) Mile Svilar
88%
99 Greece (GK) Odisseas Vlachodimos
87%
14 Switzerland (FW) Haris Seferović
85%
21 Portugal (MF) Pizzi
85%
22 Greece (MF) Andreas Samaris
84%
49 Morocco (MF) Adel Taarabt
83%
6 Portugal (DF) Rúben Dias
83%
27 Portugal (MF) Rafa Silva
81%
- Portugal (MAN) Bruno Lage
80%
34 Portugal (DF) André Almeida
79%
97 Portugal (DF) Ferro
79%
33 Brazil (DF) Jardel
75%
11 Argentina (MF) Franco Cervi
74%
5 Serbia (MF) Ljubomir Fejsa
74%
9 Spain (FW) Raúl de Tomás
71%
17 Serbia (MF) Andrija Živković
70%
95 Brazil (FW) Carlos Vinícius
69%
61 Portugal (MF) Florentino Luís
69%
72 Russia (GK) Ivan Zlobin
67%
8 Brazil (MF) Gabriel
66%
84 Portugal (DF) Tomás Tavares
62%
71 Portugal (DF) Nuno Tavares
61%
2 Argentina (DF) Germán Conti
58%
92 Portugal (MF) David Tavares
55%
73 Portugal (FW) Jota
54%
83 Portugal (MF) Gedson Fernandes
53%
19 Portugal (MF) Chiquinho
52%
23 Nigeria (DF) Tyronne Ebuehi
51%
7 Brazil (MF) Caio
34%
No matching quizzes found
Score Distribution
Percent of People with Each Score
Percentile by Number Answered
Your Score History
You have not taken this quiz since the last reset